000 00703nam a22002057a 4500
999 _c61859
_d61859
005 20240530113122.0
008 240530s2008 enk||||| |||| 00| 0 eng d
020 _a9780071482707x
041 _aeng
080 _a616.2 E-75
245 _aEssential Otolaryngology:
_bHead and Neck Surgery /
_cEdited by K. J. Lee.
250 _a9th Edition
264 _aNew York :
_b ‎McGraw-Hill,
_c2008.
300 _a1158 p.:
_bill. ;
_c24 cm.
653 _aოტოლარინგოლოგია
653 _aთავისა და კისრის ქირურგია
653 _aმედიცინა
700 _aLee, K. J.
_eრედაქტორი
_922231
942 _2udc
_cBK